Loading...

Englishil chinthikkam samsarikkam /

Bibliografiske detaljer
Format: Printed Book
Sprog:Malayalam
Udgivet: TVM : Chintha, 2012.
LEADER 00465nam a22001457a 4500
008 161223b xxu||||| |||| 00| 0 mal d
020 |c INR 
082 |a 421 
245 |a Englishil chinthikkam samsarikkam / 
260 |a TVM :  |b Chintha,  |c 2012. 
300 |a 200 p. ; 
942 |c BK 
546 |a Malayalam 
999 |c 287130  |d 287130 
952 |0 0  |1 0  |4 0  |6 421_000000000000000_ENG  |7 0  |9 325940  |a FLK  |b FLK  |c ST1  |d 2016-12-23  |e BK  |g 140.00  |i 3640  |l 0  |o 421 ENG  |p FLK3640  |r 2016-12-23  |w 2016-12-23  |y BK